Lord of the Deccan (Record no. 1344)

MARC details
000 -LEADER
fixed length control field 00316nam a2200133Ia 4500
008 - FIXED-LENGTH DATA ELEMENTS--GENERAL INFORMATION
fixed length control field 230302s9999 xx 000 0 und d
020 ## - INTERNATIONAL STANDARD BOOK NUMBER
International Standard Book Number 9789391165055
082 ## - DEWEY DECIMAL CLASSIFICATION NUMBER
Classification number 954.8
Item number KANL
100 ## - MAIN ENTRY--PERSONAL NAME
Personal name Anirudh Kanisetti
245 #0 - TITLE STATEMENT
Title Lord of the Deccan
260 ## - PUBLICATION, DISTRIBUTION, ETC.
Place of publication, distribution, etc. New Delhi
Name of publisher, distributor, etc. Juggernaut
Date of publication, distribution, etc. 2022
300 ## - PHYSICAL DESCRIPTION
Extent 460
942 ## - ADDED ENTRY ELEMENTS (KOHA)
Koha item type Book
Holdings
Withdrawn status Lost status Source of classification or shelving scheme Damaged status Not for loan Collection code Home library Current library Shelving location Date acquired Cost, normal purchase price Total Checkouts Total Renewals Full call number Barcode Date last seen Date last checked out Price effective from Koha item type Public note
    Dewey Decimal Classification     Non-fiction RIC Library RIC Library General Stacks 03/02/2023 899.00 3 2 954.8 KNAL 000744 03/22/2026 02/14/2026 03/02/2023 Book R-18.3

Venue

Rajasthan International Centre
Sansthan Path,JLN Marg, Jaipur- 302017
Phone: +91-7230904025